000 00716nam a22002417a 4500
003 UA-OsUOA
001 87227
007 ta
008 20120915b un ||||| |||| 00| 0 ukr d
100 _aГуляев Н. А.
090 _a82.09
_bГ94
942 _cBK
040 _aUA-OsUOA
_brus
_cUA-OsUOA
_dUA-OsUOA
245 _aТеория литературы в связи с проблемами эстетики
_bУчеб. пособие для вузов
300 _a378 с.
955 _a0
041 _arus
080 _a82.09
260 _aМосква
_bВысшая школа
_c1970
044 _aRU
650 7 _a82 Література. Літературознавство
_2UDC
999 _c373518
_d373518